| 000 -LEADER |
| fixed length control field |
00466nam a22001457a 4500 |
| 008 - FIXED-LENGTH DATA ELEMENTS--GENERAL INFORMATION |
| fixed length control field |
200305b ||||| |||| 00| 0 eng d |
| 100 ## - MAIN ENTRY--PERSONAL NAME |
| Personal name |
Dutta, A. |
| 245 ## - TITLE STATEMENT |
| Title |
Analysis and investigation of clues in cases of doubtful/motivated allegations/implication of rape |
| 260 ## - PUBLICATION, DISTRIBUTION, ETC. (IMPRINT) |
| Name of publisher, distributor, etc |
Indian Police Journal |
| 300 ## - PHYSICAL DESCRIPTION |
| Extent |
66(4), Oct-Dec, 2019: p.107-150. |
| 700 ## - ADDED ENTRY--PERSONAL NAME |
| Personal name |
Arora, R.C. |
| 9 (RLIN) |
16540 |
| 773 ## - HOST ITEM ENTRY |
| Main entry heading |
Indian Police Journal |
| 906 ## - LOCAL DATA ELEMENT F, LDF (RLIN) |
| Subject DIP |
Sexual abuse |
| 942 ## - ADDED ENTRY ELEMENTS (KOHA) |
| Item type |
Articles |